00455 2200181 4500001002100000008004100021035002000062245005600082100002300138250000600161260003500167300001100202084001400213082000800227650001400235990001200249990001200261INLIS000000000000302 ind  a0010-0424000278 aAtlas Tematik : Kota BanjarmasincPekik Nursasongko aNursasongko, Pekik a1 aKlaten :bIntan Pariwarac2011 a76 hlm a520 PEK a a520 aReferensi a0728793 a0728794